000 00414nam a2200133Ia 4500
008 211109s9999||||xx |||||||||||||| ||und||
082 _a894.8121
_bCHA-H
100 _aChathukutty Mannadiyar, Chappa,
245 0 _aHalasya Mahatmayam Kilipattu, Mangalodhyam
260 _bNATIONAL BOOKSTALL
_aKottayam
_c1990
630 _xGeneral Stack
650 _aMalayalam Literature
_vMalayalam Poetry
_xMalayalam
942 _cBOOK
999 _c1172
_d1172